[Event "RUS-ch"]
[Site "Elista"]
[Date "1996.??.??"]
[Round "7"]
[White "Skvortsov, A."]
[Black "Nevostrujev, Vladimir"]
[Result "1/2-1/2"]
[WhiteElo "2350"]
[BlackElo "2405"]

1.e4 c5 2.Nf3 d6 3.Bb5+ Bd7 4.Bxd7+ Qxd7 5.O-O Nf6 6.Re1 Nc6 7.c4 Ne5 8.d3 g6
9.b3 Bg7 10.Bb2 O-O 11.d4 Nxf3+ 12.Qxf3 Ne8 13.Rd1 Nc7 14.Bc3 cxd4 15.Bxd4 Bxd4
16.Rxd4 b5 17.Na3 Qc6 18.cxb5 Nxb5 19.Rc4 Qb6 20.Nxb5 Qxb5 21.Qc3 a5 22.Qc2 Qe5
23.Rc1 d5 24.exd5 Qxd5 25.Rc5 Qd4 26.Qe2 Qf6 27.Rc7 e6 28.Qe4 Rad8 29.Qe1 Rd5
30.g3 Rfd8 31.Rc8 Rxc8 32.Rxc8+ Kg7 33.Qc3 Qxc3 34.Rxc3 g5 35.h3 h5 36.Rc7 Kg6
37.Rb7 f6 38.Kg2 e5 39.a3 e4 40.b4 Rd3 41.Ra7 axb4 42.axb4 Rb3 43.Rb7 Rb2
44.Kg1 Rb1+ 45.Kg2 Rb3 46.b5 Rb2 47.Kg1 Kf5 48.Rb6 Rb1+ 49.Kg2 Rb3 50.Rb8 Rb2
51.Kg1 e3 52.fxe3 Ke4 53.Rh8 Kf3 54.Rxh5 Rb1+ 55.Kh2 Rb2+ 56.Kg1 Kxg3 57.Kf1 Kf3
58.Kg1 Rb1+ 59.Kh2 Rxb5 60.Rh6 Rb2+ 61.Kg1 Rb6 62.Kh2 Ra6 63.Rg6 Kxe3 64.h4 gxh4
65.Kh3 Kf3 66.Rh6 Ke3 67.Rg6 Re6 68.Rh6 Rb6 69.Rg6 Ke4 70.Kxh4 Kf5 71.Rh6 Rb3
72.Rh5+ Kf4 73.Ra5 Re3 74.Ra4+ Re4 75.Ra1 f5 76.Ra3 Re8 77.Ra4+ Re4 78.Ra3 Rd4
79.Rb3 Rd2 80.Rb7 Ke5  1/2-1/2

[Event "RUS-ch"]
[Site "Elista"]
[Date "1996.??.??"]
[Round "11"]
[White "Rublevsky, Sergei"]
[Black "Tiviakov, Sergei"]
[Result "1/2-1/2"]
[WhiteElo "2645"]
[BlackElo "2615"]

1.e4 c5 2.Nf3 d6 3.Bb5+ Nc6 4.Bxc6+ bxc6 5.O-O Bg4 6.d3 Nf6 7.c3 e6 8.Bg5 Be7
9.Nbd2 O-O 10.Qa4 Bxf3 11.Nxf3 Qc7 12.Rfe1 Rfb8 13.Re2 e5 14.d4 exd4 15.cxd4 Rb4
16.Qa3 Rab8 17.Rd1 cxd4 18.Nxd4 d5 19.Nf5 Rd4 20.Nxe7+ Qxe7 21.Rc1 Qxa3 22.bxa3 Nxe4
23.Be3 Rd3 24.Bxa7 Ra8 25.f3 Nc3 26.Re7 h6 27.Bc5 Na4 28.Bd6 c5 29.Rb1 Ra6
30.Rb8+ Kh7 31.Be5 Re3 32.Rf8 Nb2 33.h4 Kg6 34.Rfxf7 Rxe5 35.Rxg7+ Kf6 36.Rgf7+ Kg6
37.Rg7+  1/2-1/2

[Event "BCF-chT 96/97"]
[Site "England"]
[Date "1996.??.??"]
[Round "?"]
[White "Quillan, Gary"]
[Black "Ward, Christopher"]
[Result "0-1"]
[WhiteElo "2320"]
[BlackElo "2490"]

1.e4 c5 2.Nf3 d6 3.Bb5+ Bd7 4.Bxd7+ Qxd7 5.c4 Nc6 6.d4 Qg4 7.O-O Nxd4 8.Nxd4 Qxd1
9.Rxd1 cxd4 10.Rxd4 g6 11.Be3 Bg7 12.Rd2 Nf6 13.f3 O-O 14.Na3 Rfc8 15.Rad1 Nd7
16.b3 a5 17.Bd4 Bxd4+ 18.Rxd4 a4 19.b4 Ne5 20.Rb1 g5 21.Rd5 b6 22.Rc1 f6
23.Kf2 Rc7 24.Ke3 Rac8 25.Kd4 Nc6+ 26.Kc3 Ne5 27.Kd4 Kf7 28.Rb5 Rc6 29.Rc3 h5
30.g3 g4 31.f4 Nf3+ 32.Kd3 e5 33.Rd5 exf4 34.gxf4 h4 35.Ke3 Nxh2 36.Nb5 g3
37.Nxd6+ Rxd6 38.Rxd6 Rg8 39.Rd7+ Kg6 40.Rc1 h3 41.f5+ Kh6 42.Rd6 Kh5 43.Rd3 Kh4
44.Rd4 Ng4+ 45.Ke2 g2 46.Rd7 h2  0-1

[Event "BCF-chT 96/97"]
[Site "England"]
[Date "1996.??.??"]
[Round "?"]
[White "Clarke, Stuart"]
[Black "Collier, David"]
[Result "1-0"]
[WhiteElo "2285"]
[BlackElo "2220"]

1.e4 c5 2.Nf3 d6 3.Bb5+ Nc6 4.O-O Bg4 5.c3 Qb6 6.Na3 g6 7.d4 cxd4 8.cxd4 a6
9.Ba4 Bd7 10.d5 Nb8 11.e5 Qb4 12.Bxd7+ Nxd7 13.exd6 exd6 14.Re1+ Be7 15.Bd2 Qg4
16.h3 Qh5 17.Bc3 f6 18.Nc4 O-O-O 19.Ba5 Rf8 20.Qb3 Kb8 21.Rac1 Qxd5 22.Nce5  1-0

[Event "BCF-chT 96/97"]
[Site "England"]
[Date "1996.??.??"]
[Round "?"]
[White "Ansell, Simon"]
[Black "King, Daniel J"]
[Result "0-1"]
[WhiteElo "2390"]
[BlackElo "2535"]

1.e4 c5 2.Nf3 d6 3.Bb5+ Bd7 4.Bxd7+ Nxd7 5.O-O Ngf6 6.Qe2 Rc8 7.b3 g6 8.Bb2 Bg7
9.c4 e5 10.Nc3 Nf8 11.Ne1 Ne6 12.g3 Nd4 13.Qd3 Qd7 14.Ng2 O-O 15.f3 Qh3 16.Rf2 h5
17.Raf1 Kh8 18.Ne3 h4 19.Rg2 Nh7 20.f4 f5 21.Ncd5 Rce8 22.fxe5 dxe5 23.Bxd4 cxd4
24.Nd1 Ng5 25.Nf2 fxe4 26.Nxe4 Rxf1+ 27.Kxf1 Qf5+ 28.Nf2 e4 29.Qe2 h3 30.Rg1 e3
31.Nf4 Kh7 32.dxe3 Rxe3 33.Qg4 Nf3 34.Qxh3+ Qxh3+ 35.N2xh3 d3 36.Kf2 Bd4
37.Rf1 Re1+  0-1

[Event "NED-sf"]
[Site "Enschede"]
[Date "1996.??.??"]
[Round "2"]
[White "Etmans, Maarten D"]
[Black "Bosboom, Manuel"]
[Result "0-1"]
[WhiteElo "2230"]
[BlackElo "2410"]

1.e4 c5 2.Nf3 d6 3.Bb5+ Nc6 4.Bxc6+ bxc6 5.h3 e5 6.O-O Ne7 7.c3 Ng6 8.d4 cxd4
9.cxd4 f6 10.Nc3 Be7 11.Qb3 Qb6 12.Qa4 O-O 13.Be3 Qb7 14.Rac1 Bd7 15.Qc4+ Kh8
16.Rfd1 Rac8 17.Qe2 Rf7 18.Qd2 Kg8 19.b3 h6 20.Kh2 Rcf8 21.g4 Bd8 22.d5 Ba5
23.Qd3 Bxc3 24.Qxc3 Ne7 25.dxc6 Bxc6 26.Nd2 Bxe4 27.Nxe4 Qxe4 28.Rxd6 f5
29.Qd3 Qa8 30.Rc2 h5 31.g5 f4 32.g6 Rf6 33.Bc5 Nxg6 34.Rd7 Nh4 35.Rd5 Re8
36.Be7 e4 37.Qc4 Nf3+ 38.Kh1 Rf7 39.Bd6 e3 40.fxe3 fxe3 41.Re2 Nd2 42.Qd3 Re6
43.Kg1 Nf3+ 44.Kg2 Ne5 45.Qe4 Rg6+  0-1

[Event "FIN-chT 9697"]
[Site "FIN"]
[Date "1996.??.??"]
[Round "2.6"]
[White "Hokkanen, Petri"]
[Black "Lehto, Ville"]
[Result "1/2-1/2"]
[WhiteElo "2260"]
[BlackElo "2295"]

1.e4 c5 2.Nf3 d6 3.Bb5+ Bd7 4.Bxd7+ Nxd7 5.O-O Ngf6 6.Qe2 e6 7.b3 Be7 8.Bb2 O-O
9.d4 cxd4 10.Nxd4 Rc8 11.c4 a6 12.Nc3 Re8 13.Kh1 Qa5 14.Rac1 Qh5 15.Qxh5 Nxh5
16.g3 Nhf6 17.f3 g5 18.Rcd1 Nc5 19.Rfe1 Red8 20.f4 h6 21.Kg2 Nh7 22.f5 Nf8
23.Rf1 Ncd7 24.Nc2 b5 25.Ne3 bxc4 26.fxe6 fxe6 27.Ng4 Ne5 28.Nxe5 dxe5 29.Na4 cxb3
30.axb3 Rc2+ 31.Kh1 Rb8 32.Bxe5 Rxb3 33.Bd6  1/2-1/2

[Event "FIN-chT 9697"]
[Site "FIN"]
[Date "1996.??.??"]
[Round "2.1"]
[White "Liiva, Riho"]
[Black "Pyhala, Antti"]
[Result "1-0"]
[WhiteElo "2425"]
[BlackElo "2330"]

1.e4 c5 2.Nf3 d6 3.Bb5+ Nc6 4.O-O Bg4 5.h3 Bh5 6.c3 Qb6 7.Na3 g5 8.d4 O-O-O
9.Bxg5 Nf6 10.Bxf6 exf6 11.Qd3 Rg8 12.Nh4 d5 13.exd5 Rxd5 14.Bc4 Rdg5 15.f4 Rg3
16.Qf5+ Kb8 17.Qxh5 Qxb2 18.Bd5 Ne7 19.Qxf7 Qxa3 20.Qe8+ Kc7 21.Bxg8 Rxg8
22.Rfe1 c4 23.Qf7 Rh8 24.Qxc4+ Nc6 25.Qf7+ Be7 26.Nf5 Kd8 27.d5 Rf8 28.Qe6 Bc5+
29.Kh1 Ne7 30.Nxe7 Bxe7 31.Rab1 b6 32.Qc6 Bd6 33.Re6 Bxf4 34.d6 Qc5 35.Qxc5 bxc5
36.Rb7 Kc8 37.Rxa7 Kb8 38.Rae7  1-0

[Event "FRA-chT"]
[Site "France"]
[Date "1996.??.??"]
[Round "?"]
[White "Lamorelle, Yves"]
[Black "Bernard, Christophe"]
[Result "0-1"]
[WhiteElo "2225"]
[BlackElo "2370"]

1.e4 c5 2.Nf3 d6 3.Bb5+ Bd7 4.Bxd7+ Qxd7 5.c4 Nc6 6.O-O g6 7.d4 cxd4 8.Nxd4 Bg7
9.Be3 Nf6 10.f3 Rc8 11.Nc3 O-O 12.b3 a6 13.Qd2 b5 14.Nd5 Nxd5 15.exd5 Nxd4
16.Bxd4 Bxd4+ 17.Qxd4 bxc4 18.bxc4 Qc7 19.Rac1 Qc5 20.Qxc5 Rxc5 21.Rfe1 Re8
22.Kf2 Kf8 23.Ke3 Rb8 24.Re2 e6 25.dxe6 fxe6 26.Kd3 Kf7 27.Rce1 e5 28.f4 Ke6
29.fxe5 dxe5 30.Rc1 Rd8+ 31.Ke3 Rd4 32.Rb2 Rcxc4 33.Rb6+ Kf5 34.Rxc4 Rxc4
35.Rxa6 Rc2 36.Kf3 h5 37.Ra8 e4+ 38.Kg3 h4+ 39.Kxh4 Rxg2 40.Kh3 Rg1 41.Rf8+ Ke5
42.a4 Ra1 43.Re8+ Kf4 44.Rf8+ Ke3 45.Rg8 Kf2 46.Rxg6 e3 47.Rf6+ Ke1 48.Re6 e2
49.Kg4 Rxa4+ 50.Kg5 Kf2 51.Rxe2+ Kxe2 52.h4 Kf3 53.h5 Ra5+ 54.Kg6 Kg4 55.h6 Ra6+
56.Kg7 Kg5 57.h7 Ra7+ 58.Kg8 Kg6 59.h8=N+ Kf6  0-1

[Event "FRA-chT"]
[Site "France"]
[Date "1996.??.??"]
[Round "?"]
[White "Lamorelle, Yves"]
[Black "Sulipa, Aleksandar"]
[Result "1/2-1/2"]
[WhiteElo "2225"]
[BlackElo "2400"]

1.e4 c5 2.Nf3 d6 3.Bb5+ Nd7 4.c3 Nf6 5.d3 g6 6.O-O Bg7 7.Re1 O-O 8.d4 a6
9.Bd3 cxd4 10.cxd4 e5 11.dxe5 dxe5 12.Nc3 b5 13.Bg5 Bb7 14.Nd5 Bxd5 15.exd5 h6
16.Bh4 Re8 17.Bc2 Qb6 18.a4 Rac8 19.axb5 axb5 20.Bb3 Bf8 21.Rc1 Rxc1 22.Qxc1 e4
23.Nd2 Bb4 24.Re2 Qd4 25.Qc2 g5 26.Bg3 Nc5 27.Ba2 Nxd5 28.Nf3 Qd3  1/2-1/2

[Event "FRA-chT"]
[Site "France"]
[Date "1996.??.??"]
[Round "?"]
[White "Eusebe, Aurelien"]
[Black "Lecuyer, Christian"]
[Result "1/2-1/2"]
[WhiteElo "2145"]
[BlackElo "2230"]

1.e4 c5 2.Nf3 d6 3.Bb5+ Nc6 4.O-O Bd7 5.c3 Nf6 6.Re1 a6 7.Bxc6 Bxc6 8.d4 Bxe4
9.Bg5 Bc6 10.Bxf6 gxf6 11.Nh4 Qc7 12.d5 Bd7 13.Qh5 Rg8 14.Qxh7 Rg7 15.Qc2 O-O-O
16.Nf5 Bxf5 17.Qxf5+ Qd7 18.Qf3 Qg4 19.Nd2 f5 20.h3 Qxf3 21.Nxf3 Kd7 22.b4 cxb4
23.Rab1 Rc8 24.Rxb4 b5 25.Re3 Rc5 26.Rd3 Rg8 27.Rb3 Bg7 28.Nh4 f4 29.Nf5 Be5
30.Nh6 Rf8 31.Ra3 f6 32.Rxa6 Rfc8 33.Nf5 Bxc3 34.h4 Be5 35.Ra7+ R5c7 36.Rxc7+ Rxc7
37.h5 e6 38.dxe6+ Kxe6 39.Nd4+ Bxd4 40.Rxd4 Rh7 41.Re4+ Kf7 42.Rxf4 Rxh5
43.a4 bxa4 44.Rxa4 Rb5 45.g3 Ke6 46.Kg2 d5 47.Rg4  1/2-1/2

[Event "FRA-chT"]
[Site "France"]
[Date "1996.??.??"]
[Round "?"]
[White "Parmentier, Xavier"]
[Black "Karr, Jean Philipp"]
[Result "0-1"]
[WhiteElo "2265"]
[BlackElo "2325"]

1.e4 c5 2.Nf3 d6 3.Bb5+ Bd7 4.Bxd7+ Nxd7 5.O-O Ngf6 6.Qe2 e6 7.b3 Be7 8.Bb2 O-O
9.d4 cxd4 10.Nxd4 Ne5 11.c4 Nc6 12.Rd1 Qb6 13.Nxc6 Qxc6 14.e5 dxe5 15.Bxe5 Rfd8
16.Nc3 Nd7 17.Bd4 f6 18.Rd2 Bb4 19.a3 Bxc3 20.Bxc3 Nc5 21.Rxd8+ Rxd8 22.Rd1 Rd7
23.b4 Na4 24.Bd4 e5 25.b5 Qd6 26.Rd2 Qxa3 27.Ra2 Nc3 28.Bxc3 Qxa2  0-1

[Event "FRA-chT"]
[Site "France"]
[Date "1996.??.??"]
[Round "?"]
[White "Parmentier, Xavier"]
[Black "Neron de Surgy, Gilles"]
[Result "1-0"]
[WhiteElo "2265"]
[BlackElo "2210"]

1.e4 c5 2.Nf3 d6 3.Bb5+ Nc6 4.O-O Bd7 5.c3 Nf6 6.Re1 a6 7.Bxc6 Bxc6 8.d4 Bxe4
9.Bg5 Bxf3 10.Qxf3 cxd4 11.Bxf6 gxf6 12.Qxf6 Rg8 13.cxd4 Qd7 14.Nc3 Qg4 15.g3 Rg6
16.Nd5 O-O-O 17.Qxf7 Rg7 18.Qf4 Qh5 19.Qc1+  1-0

[Event "FRA-ch"]
[Site "France"]
[Date "1996.??.??"]
[Round "7"]
[White "Chomet, Pascal"]
[Black "Koch, Jean Rene"]
[Result "0-1"]
[WhiteElo "2385"]
[BlackElo "2490"]

1.e4 c5 2.Nf3 d6 3.Bb5+ Bd7 4.Bxd7+ Nxd7 5.O-O Ngf6 6.Qe2 e6 7.b3 Be7 8.Bb2 O-O
9.d4 cxd4 10.Nxd4 a6 11.c4 Qb6 12.Qe3 Ng4 13.Qg3 Nge5 14.Nd2 Bf6 15.Rad1 Ng6
16.Nb1 Rad8 17.Qe3 Nde5 18.Rd2 Rfe8 19.Nc3 Qa7 20.Rfd1 h6 21.Nc2 Qb8 22.Qb6 Nc6
23.c5 d5 24.exd5 exd5 25.Na4 d4 26.g3 Nge5 27.Kg2 Nd7 28.Nxd4 Nxb6 29.Nxc6 bxc6
30.Kf1 Rxd2 31.Rxd2 Nxa4 32.Bd4 Qb4  0-1

[Event "Frydek-Mistek op"]
[Site "Frydek-Mistek"]
[Date "1996.??.??"]
[Round "3"]
[White "Berezjuk, Sergej"]
[Black "Buturin, Vladimir"]
[Result "1/2-1/2"]
[WhiteElo "2425"]
[BlackElo "2445"]

1.e4 c5 2.Nf3 d6 3.Bb5+ Bd7 4.Bxd7+ Qxd7 5.c4 Nf6 6.Nc3 Nc6 7.O-O g6 8.d4 cxd4
9.Nxd4 Bg7 10.Nde2 O-O 11.f3 Rac8 12.Be3 Rfd8 13.Qd2 Qe8 14.Rac1 Qf8 15.b3 Rd7
16.Rfd1 Rcd8 17.Nd4 e6 18.Qf2 Bh6 19.Ncb5 d5 20.exd5 exd5 21.c5 Re7 22.Bxh6 Qxh6
23.Nxc6 bxc6 24.Nd4 Rde8 25.Rc2 Rc7 26.Re2 Qf8 27.Rxe8 Nxe8 28.Re1 Ng7 29.Qh4 Ne6
30.Nxe6 fxe6 31.Rxe6 Qxc5+ 32.Kf1 Rf7 33.Qe1 Qb5+ 34.Kg1 Qc5+ 35.Kf1 Qb5+  1/2-1/2

[Event "ISL-ch"]
[Site "Gardabaer"]
[Date "1996.??.??"]
[Round "2"]
[White "Bjarnason, Saevar"]
[Black "Olafsson, Helgi"]
[Result "1/2-1/2"]
[WhiteElo "2305"]
[BlackElo "2485"]

1.e4 c5 2.Nf3 d6 3.Bb5+ Nc6 4.O-O Bd7 5.c3 Nf6 6.Re1 a6 7.Ba4 b5 8.Bc2 Bg4
9.h3 Bxf3 10.Qxf3 g6 11.a4 Rb8 12.axb5 axb5 13.d3 Bg7 14.Be3 Nd7 15.Nd2 O-O
16.Qe2 Nb6 17.Nf3 Qd7 18.d4 cxd4 19.Nxd4 Nc4 20.Nxc6 Qxc6 21.Bc1 Rfc8 22.Ra7 Bf6
23.Rd1 Qb6 24.Ra2 Kg7 25.Kh1 Ra8 26.Rxa8 Rxa8 27.f4 Kg8 28.b3 Na5 29.e5 dxe5
30.fxe5 Bg7 31.Rd5 Qc7 32.b4 Nc4 33.Bf4 Qb6 34.Rc5 e6 35.Bd3 Bf8 36.Bxc4 Bxc5
37.bxc5 Qxc5 38.Bxb5 Qxc3  1/2-1/2

[Event "ISL-ch"]
[Site "Gardabaer"]
[Date "1996.??.??"]
[Round "3"]
[White "Vidarsson, Jon G"]
[Black "Stefansson, Hannes"]
[Result "0-1"]
[WhiteElo "2340"]
[BlackElo "2540"]

1.e4 c5 2.Nf3 d6 3.Bb5+ Nd7 4.O-O e6 5.Re1 a6 6.Bf1 Ngf6 7.c3 Be7 8.d4 O-O
9.Bg5 h6 10.Bh4 b6 11.Nbd2 Bb7 12.e5 Ne8 13.Bg3 cxd4 14.cxd4 dxe5 15.dxe5 Nc7
16.a3 b5 17.Ne4 Nc5 18.Nd6 Bxd6 19.exd6 Ne8 20.Rc1 Ne4 21.d7 N8f6 22.Ne5 Nxg3
23.hxg3 Bd5 24.a4 Nxd7 25.Nc6 Bxc6 26.Rxc6 Nf6 27.Qxd8 Rfxd8 28.Ra1 bxa4
29.Rxa4 Rd1 30.f3 Nh5 31.Kf2 Rd2+ 32.Be2 Nxg3 33.Kxg3 Rxe2 34.Rb6 Rd8  0-1

[Event "Gelsenkirchen"]
[Site "Gelsenkirchen"]
[Date "1996.??.??"]
[Round "3"]
[White "Thiel, Thomas"]
[Black "Tyomkin, Dimitri"]
[Result "1-0"]
[WhiteElo "2325"]
[BlackElo "2340"]

1.e4 c5 2.Nf3 d6 3.Bb5+ Bd7 4.Bxd7+ Qxd7 5.O-O Nc6 6.c3 Nf6 7.d4 Nxe4 8.d5 Ne5
9.Nxe5 dxe5 10.Re1 Nf6 11.Rxe5 e6 12.c4 Bd6 13.Re1 O-O 14.Bg5 e5 15.Bxf6 gxf6
16.Nc3 f5 17.Qh5 Kh8 18.Nb5 Bb8 19.Qh6 Rg8 20.Qf6+ Rg7 21.d6 a6 22.Nc7 Bxc7
23.dxc7 Qxc7 24.Rxe5 Qc6 25.Qxc6 bxc6 26.Rxf5 Rd8 27.g3 Rd2 28.b3 Kg8 29.Re1 Kf8
30.Rfe5 Rg6 31.R1e2 Rgd6 32.Rxd2 Rxd2 33.Rxc5 Rxa2 34.Rxc6 Rb2 35.Rxa6 Rxb3
36.Ra8+ Ke7 37.Rh8 Rc3 38.Rxh7 Rxc4 39.Rh8 Kf6 40.Rg8 Ke7 41.h4 f6 42.Rg7+ Ke6
43.Kg2 Kf5 44.h5 Rc8 45.h6  1-0

[Event "Geneve op"]
[Site "Geneve"]
[Date "1996.??.??"]
[Round "1"]
[White "Domont, Alexandre"]
[Black "Kraft, Volker"]
[Result "1-0"]
[WhiteElo "2335"]
[BlackElo "2250"]

1.e4 c5 2.Nf3 d6 3.Bb5+ Bd7 4.Bxd7+ Qxd7 5.c4 Nc6 6.Nc3 g6 7.d4 cxd4 8.Nxd4 Bg7
9.Be3 Nf6 10.f3 O-O 11.O-O Rac8 12.b3 Rfd8 13.Qd2 Qc7 14.Rfd1 a6 15.Rac1 Qb8
16.a4 Ne5 17.Kh1 b6 18.Bg5 Qb7 19.Nd5 Nxd5 20.exd5 Re8 21.Re1 Bf8 22.f4 Nd7
23.Re3 a5 24.Rce1 Nc5 25.f5 f6 26.Bxf6 Bh6 27.Bh4 Bxe3 28.Qxe3 Rc7 29.fxg6 hxg6
30.Qh6 e5 31.Qxg6+ Kf8 32.Bg5 Rg7 33.Rf1+ Kg8 34.Qxe8+  1-0

[Event "Geneve op"]
[Site "Geneve"]
[Date "1996.??.??"]
[Round "3"]
[White "Domont, Alexandre"]
[Black "Astengo, Corrado"]
[Result "1-0"]
[WhiteElo "2335"]
[BlackElo "2130"]

1.e4 c5 2.Nf3 d6 3.Bb5+ Bd7 4.Bxd7+ Nxd7 5.O-O Ngf6 6.Qe2 e6 7.c4 Be7 8.Nc3 O-O
9.b3 Re8 10.Bb2 Bf8 11.Rae1 a6 12.Kh1 Rb8 13.Ng5 h6 14.Nh3 e5 15.f4 b5 16.fxe5 Nxe5
17.d3 b4 18.Nd1 g6 19.Ne3 Bg7 20.Rf2 Rb7 21.Ref1 a5 22.Nf4 Ra7 23.Nfd5 Nxd5
24.cxd5 Rb7 25.Bxe5 Bxe5 26.Ng4 Bg7 27.Qe3 Qg5 28.Qh3 h5 29.Nf6+ Bxf6 30.Rxf6 Qe5
31.g4 hxg4 32.Qxg4 Kg7 33.R6f5 Qb2 34.Rh5 Re5 35.Rh3 Qd2 36.Qc8 Qe2 37.Qh8+  1-0

[Event "Geneve op"]
[Site "Geneve"]
[Date "1996.??.??"]
[Round "3"]
[White "Barle, Janez"]
[Black "Mikavica, Mirko"]
[Result "1-0"]
[WhiteElo "2430"]
[BlackElo "2260"]

1.e4 c5 2.Nf3 d6 3.Bb5+ Bd7 4.Qe2 a6 5.Bxd7+ Nxd7 6.O-O g6 7.c3 Bg7 8.d4 cxd4
9.cxd4 e6 10.Bf4 Qb6 11.Na3 e5 12.Bg3 Rd8 13.Nc4 Qc7 14.Rac1 Qb8 15.dxe5 dxe5
16.Rfd1 Bf6 17.Nfxe5 Nxe5 18.Rxd8+ Qxd8 19.Nxe5 Ne7 20.Rd1 Qa5 21.Nc4 Qxa2
22.e5 Bg5 23.Nd6+ Kf8 24.e6 Qxe6 25.Qxe6 fxe6 26.Ne4 Nf5 27.Nxg5 Nxg3 28.Rd8+ Kg7
29.Nxe6+  1-0

[Event "Geneve op"]
[Site "Geneve"]
[Date "1996.??.??"]
[Round "6"]
[White "Grosar, Kiti"]
[Black "Brustman, Agnieszka"]
[Result "0-1"]
[WhiteElo "2225"]
[BlackElo "2320"]

1.e4 c5 2.Nf3 d6 3.Bb5+ Nc6 4.O-O Bd7 5.Re1 a6 6.Bf1 Nf6 7.c3 Bg4 8.d4 cxd4
9.cxd4 e5 10.d5 Nd4 11.Be3 Nxf3+ 12.gxf3 Bh5 13.Bh3 Be7 14.Nd2 Nd7 15.Qb3 Nc5
16.Bxc5 dxc5 17.Qxb7 Bg5 18.Qc6+ Kf8 19.Nc4 Bf4 20.Bg4 Bxg4 21.fxg4 h5 22.Nb6 Rb8
23.Nd7+ Kg8 24.Nxb8 hxg4 25.d6 Qh4 26.Qc8+ Kh7 27.Qf5+ Kh6 28.Re3 Qxh2+ 29.Kf1 Bxe3
30.Re1 Rxb8 31.d7 Qh1+ 32.Ke2  0-1

[Event "Geneve op"]
[Site "Geneve"]
[Date "1996.??.??"]
[Round "7"]
[White "Vianin, Pascal"]
[Black "Grosar, Kiti"]
[Result "1/2-1/2"]
[WhiteElo "2190"]
[BlackElo "2225"]

1.e4 c5 2.Nf3 d6 3.Bb5+ Nd7 4.O-O a6 5.Bxd7+ Bxd7 6.d4 cxd4 7.Qxd4 e5 8.Qd3 h6
9.c4 Nf6 10.Nc3 Rc8 11.b3 Be7 12.Ne1 b5 13.cxb5 Rxc3 14.Qxc3 Bxb5 15.Nd3 Nxe4
16.Qc2 Nc5 17.Nxc5 Bxf1 18.Kxf1 dxc5 19.Be3 Qa5 20.Rd1 O-O 21.Rd5 Qb5+ 22.Qd3 Qxd3+
23.Rxd3 Rc8 24.Rc3 f5 25.b4 c4 26.Bc5 Bxc5 27.Rxc4 Kf7 28.bxc5 Ke6 29.Ra4 Rc6
30.Ke2 Kd5 31.g3 g5 32.h4 f4 33.hxg5 hxg5 34.gxf4 gxf4 35.Kf3 Kxc5 36.Ke4 Kd6
37.Ra5 Rc2 38.Rxa6+ Kc5 39.Kxe5  1/2-1/2

[Event "Geneve op"]
[Site "Geneve"]
[Date "1996.??.??"]
[Round "7"]
[White "Domont, Alexandre"]
[Black "Cesareo, Fabio"]
[Result "1-0"]
[WhiteElo "2335"]
[BlackElo "2085"]

1.e4 c5 2.Nf3 d6 3.Bb5+ Bd7 4.Bxd7+ Nxd7 5.O-O g6 6.c3 Bg7 7.d4 e6 8.Bf4 e5
9.dxe5 dxe5 10.Bg5 Qc7 11.Na3 a6 12.Nc4 Ngf6 13.Qd6 Qxd6 14.Nxd6+ Ke7 15.Nxb7 Rhb8
16.Na5 Rxb2 17.Nc4 Rc2 18.Ne3 Re2 19.Rfb1 Rb8 20.Rxb8 Nxb8 21.Kf1 Rb2 22.Nxe5 Ke6
23.N5c4 Rb7 24.f3 Nc6 25.Rd1 Rd7 26.Rb1 Ra7 27.Rd1 Rd7 28.Rb1 Ra7 29.Rb6 Kd7
30.Ke2 Ne8 31.Kd3 Nc7 32.Kc2 Ne6 33.Bh4 Nf4 34.Bg3 Ne2 35.Be1 Nf4 36.Bg3 Ne2
37.Be1 Nf4 38.g3 Ne6 39.f4 Nc7 40.Bf2 Bf8 41.a4 Be7 42.Rb1 Ne6 43.h4 h5 44.Nd5 f5
45.Re1 fxe4 46.Ncb6+ Kd6 47.Rd1 Rb7 48.Nc8+ Kd7 49.Ndxe7+ Ned4+ 50.cxd4 Nb4+
51.Kc3 Na2+ 52.Kc4 Rb4+ 53.Kxc5 Rb2 54.Be1 Rc2+ 55.Kd5 e3 56.Rd3 e2 57.Re3 Nc3+
58.Bxc3 Rxc3 59.Rxe2 Rxg3 60.Nb6+ Kc7 61.a5 Rg4 62.Nc6  1-0

[Event "Oberliga Nord O9596"]
[Site "Germany"]
[Date "1996.??.??"]
[Round "?"]
[White "Fleischer, Peter"]
[Black "Seils, Joerg"]
[Result "1/2-1/2"]
[WhiteElo "2285"]
[BlackElo "2375"]

1.e4 c5 2.Nf3 d6 3.Bb5+ Bd7 4.Bxd7+ Qxd7 5.O-O Nc6 6.Re1 Nf6 7.d3 e6 8.Nc3 Be7
9.e5 Nxe5 10.Nxe5 dxe5 11.Rxe5 O-O 12.Bg5 Qd4 13.Qe2 h6 14.Bxf6 Bxf6 15.Re4 Qd7
16.Re1 Rac8 17.Qh5 c4 18.d4 Rfd8 19.Rd1 Rc6 20.Rg4 Kh8 21.Rf4 Qe7 22.Ne4 e5
23.Rxf6 Rxf6 24.Nxf6  1/2-1/2

[Event "BL2-N9596"]
[Site "Germany"]
[Date "1996.??.??"]
[Round "?"]
[White "Cladouras, Panagiotis"]
[Black "Meissner, Hans Juergen"]
[Result "1/2-1/2"]
[WhiteElo "2385"]
[BlackElo "2255"]

1.e4 c5 2.Nf3 d6 3.Bb5+ Nd7 4.a4 Nf6 5.Nc3 e6 6.d4 cxd4 7.Qxd4 Be7 8.O-O O-O
9.Bg5 Qc7 10.Rfd1 Rd8 11.a5 h6 12.Bh4 a6 13.Bf1 Rb8 14.Bg3 e5 15.Qe3 b5 16.axb6 Rxb6
17.Ra2 Bb7 18.h3 Rc8 19.Bh4 Bf8 20.Bxf6 Nxf6 21.Bd3 Re8 22.Na4 Rb4 23.c4 Rb8
24.Nc3 Nd7 25.Ne1 Nc5 26.Bf1 Bc6 27.Nd3 Nxd3 28.Bxd3 Rxb2 29.Rxa6 Ra8 30.Rxa8 Bxa8
31.Nd5 Bxd5 32.cxd5 Qb6 33.Qxb6 Rxb6 34.Rc1 Rb2 35.Rc8 g6 36.g3 h5 37.h4 Kg7
38.Kg2 Be7 39.Kf3 Rb7 40.Bf1 Rb3+ 41.Kg2 Rb2  1/2-1/2

[Event "BL2-O9596"]
[Site "Germany"]
[Date "1996.??.??"]
[Round "?"]
[White "Kersten, Uwe"]
[Black "Balzar, Andreas"]
[Result "0-1"]
[WhiteElo "2285"]
[BlackElo "2320"]

1.e4 c5 2.Nf3 d6 3.Bb5+ Nd7 4.c3 Nf6 5.Qe2 a6 6.Ba4 b5 7.Bc2 e5 8.O-O Be7
9.d4 O-O 10.dxe5 dxe5 11.Rd1 Qc7 12.a4 Rb8 13.axb5 axb5 14.Nbd2 c4 15.Nf1 Bb7
16.Ng3 Nc5 17.Bg5 h6 18.Bxf6 Bxf6 19.Nd2 g6 20.Ndf1 Ne6 21.Ne3 Bg5 22.Rd2 Rfd8
23.Rad1 Rxd2 24.Rxd2 Rd8 25.Rxd8+ Qxd8 26.Qd1 Qxd1+ 27.Nxd1 Nc5 28.Kf1 h5
29.f3 h4 30.Nh1 Kf8 31.Nhf2 Ke7 32.Ke2 Bc1 33.Ng4 Bf4 34.h3 Kd6 35.Nge3 Bg5
36.Nf1 Ne6 37.Nde3 Nf4+ 38.Kf2 Bd8 39.Nd2 Bb6 40.Nf1 f6 41.Ke1 Ke6 42.Kd2 Kd6
43.Bb1 Bc8 44.Bc2 Be6 45.Bb1 Bc5 46.Bc2 Kc6 47.Kd1 Kb6 48.Kd2 Ka5 49.Bb1 b4
50.Bc2 Kb5 51.Kd1 b3 52.Bb1 Kc6 53.Ke1 Kd6 54.Kd2 Ke7 55.Ke1 Kf7 56.Kd2 Kg7
57.Ke1 Kh6 58.Kd2 Kg5 59.Ke1 Nxg2+ 60.Nxg2 Bxh3 61.Nge3 Bxf1 62.Nxf1 h3 63.Ke2 Kf4
64.Nh2 Bg1  0-1

[Event "BL2-W9596"]
[Site "Germany"]
[Date "1996.??.??"]
[Round "?"]
[White "Buchal, Stephan"]
[Black "Wiemer, Ralf"]
[Result "1/2-1/2"]
[WhiteElo "2295"]
[BlackElo "2310"]

1.e4 c5 2.Nf3 d6 3.Bb5+ Nd7 4.O-O Nf6 5.Re1 a6 6.Bxd7+ Nxd7 7.d4 e6 8.Bg5 Be7
9.Bxe7 Qxe7 10.Nc3 O-O 11.Qd2 b5 12.Rad1 Nb6 13.e5 Bb7 14.exd6 Qxd6 15.Ne4 Bxe4
16.Rxe4 Rac8  1/2-1/2

[Event "BL2-W9596"]
[Site "Germany"]
[Date "1996.??.??"]
[Round "?"]
[White "Luetke, Jens"]
[Black "Dietzel, Jan"]
[Result "1/2-1/2"]
[WhiteElo "2315"]
[BlackElo "2280"]

1.Nf3 c5 2.e4 d6 3.Bb5+ Bd7 4.Bxd7+ Qxd7 5.c4 Nc6 6.d4 cxd4 7.Nxd4 Nf6 8.Nc3 g6
9.f3 Bg7 10.Be3 O-O 11.Qd2 Rfc8 12.b3 Qd8 13.Rc1 Qa5 14.Nde2 a6 15.Nd5 Qxd2+
16.Kxd2 Rd8 17.Bg5 h6 18.Bxf6 Bxf6 19.Nxf6+ exf6 20.Nf4 Kg7 21.Nd5 Ne5 22.Nb6 Rab8
23.Rhd1 f5 24.exf5 gxf5 25.Kc3 Ng6 26.Rd4 Re8 27.Rxd6 Re3+ 28.Kb2 Rbe8 29.Rc2 Re2
30.Rdd2 Re1 31.c5 Ne5 32.Nc4 Nxc4+ 33.Rxc4 R1e2 34.Rxe2 Rxe2+ 35.Rc2 Re6
36.b4 Kf6 37.Kb3 Ke7 38.Rd2 h5 39.Ka4 h4 40.h3 b6 41.cxb6 Rxb6 42.Ka5 Rb5+
43.Kxa6 Rxb4 44.Ka5 Rb1 45.a4 Ke6 46.Rd4 Rb2 47.Rxh4 Rxg2 48.Rb4 Rg3 49.f4 Rxh3
50.Kb6 Kd5 51.a5 Rh6+ 52.Kb7 Re6 53.Rb5+ Ke4 54.Rb4+ Kd5 55.a6 Kc5 56.Rb1 Re7+
57.Ka8 Kc6 58.Rb7 Re8+ 59.Ka7 Re4 60.Rxf7 Rxf4 61.Kb8 Rb4+ 62.Kc8 Rh4 63.Kb8 Kb6
64.Rf6+ Kb5 65.a7 Rh8+ 66.Kb7 Rh7+  1/2-1/2

[Event "BL2-W9596"]
[Site "Germany"]
[Date "1996.??.??"]
[Round "?"]
[White "Werner, Dimo"]
[Black "Gallinnis, Norbert"]
[Result "1-0"]
[WhiteElo "2390"]
[BlackElo "2325"]

1.e4 c5 2.Nf3 d6 3.Bb5+ Nd7 4.c3 Nf6 5.Qe2 a6 6.Ba4 Qa5 7.Bc2 Ne5 8.Nxe5 dxe5
9.O-O g6 10.d3 Bg4 11.Qe3 Bg7 12.Nd2 Qc7 13.a4 O-O 14.a5 Be6 15.Bb3 Bxb3
16.Nxb3 c4 17.dxc4 Qxc4 18.Nd2 Qc6 19.f3 Rac8 20.Qe2 Rfd8 21.Rf2 Bh6 22.Nb3 Bxc1
23.Nxc1 Rc7 24.Nb3 Rcd7 25.g3 Kg7 26.Kg2 Ne8 27.Qe3 Qb5 28.Nc5 Rd1 29.Ra3 Nd6
30.b3 Rc8 31.Na4 Qd3 32.Qg5 f6 33.Qg4 Rc7 34.Nb2 Qb1 35.Nxd1 Qxd1 36.Qe6 Qc1
37.Raa2 Qxc3 38.Rfd2 Nf7 39.h4 Qe3 40.Rac2 Rc3 41.Rf2 Qc5 42.Rxc3 Qxc3 43.Qxe7 Qxb3
44.Rd2 Qb5 45.Qe6 f5 46.exf5 gxf5 47.Qxf5 Qxa5 48.Rd7 Qa2+ 49.Kh3 Qc4 50.Rxb7  1-0

[Event "BL9596 (Women)"]
[Site "Germany"]
[Date "1996.??.??"]
[Round "?"]
[White "Wagner Michel, Annett"]
[Black "Fuchs, Antje"]
[Result "0-1"]
[WhiteElo "2170"]
[BlackElo "2120"]

1.e4 c5 2.Nf3 d6 3.Bb5+ Bd7 4.a4 Nf6 5.Nc3 Nc6 6.O-O g6 7.Re1 Bg7 8.d4 cxd4
9.Nxd4 Nxd4 10.Qxd4 O-O 11.Bg5 Be6 12.Qd2 a6 13.Bf1 Rc8 14.Nd5 Bxd5 15.exd5 Qc7
16.c4 Rfe8 17.Ra3 Qd7 18.a5 e6 19.Rf3 Ng4 20.dxe6 Rxe6 21.Rxe6 Qxe6 22.Rd3 Bf8
23.b3 Rc5 24.Bf4 Ne5 25.Rh3 Qxh3 26.Bxe5 Qxb3 27.Bxd6 Bxd6 28.Qxd6 Rc8 29.Qd7 Rf8
30.g3 h5 31.Kg2 Qb4 32.Be2 Qxa5 33.Qxb7 Qa2 34.Qe7 Rb8 35.c5 Qe6 36.Qa7 Rc8
37.Bxa6 Qc6+ 38.f3 Qxc5 39.Qxc5 Rxc5 40.f4 Rc2+ 41.Kh3 Kg7 42.Bd3 Rb2 43.Be4 Kh6
44.Bd5 f6 45.Be6 Rf2 46.Bd7 Kg7 47.Be8 Re2 48.Bc6 Kf7 49.Bd5+ Ke7 50.Bc4 Rf2
51.Bd5 g5 52.fxg5 fxg5 53.g4 h4 54.Bb7 Kf6 55.Bc6 Ke5 56.Bb7 Kd4 57.Bc6 Ke3
58.Bb7 Rb2 59.Bg2 Kf2 60.Bd5 Rc2 61.Bf3 Ra2  0-1